Warszawa - Ulice, na których znajdują się tory tramwajowe - Statystyki

Ogólne statystyki
  • Ten quiz został rozwiązany 29 razy
  • Średni wynik to 31 z 83
Statystyki odpowiedzi
Dzielnica Stan Ulica % Poprawnych
Śródmieście Czynny Marszałkowska
85%
Śródmiescie Czynny Aleje Jerozolimskie
73%
Mokotów Czynny Puławska
73%
Wola Czynne Wolska
73%
Praga Północ Czynne Targowa
69%
Mokotów Czynny Rakowiecka
65%
Śródmieście Czynny Jana Pawła II
62%
Bemowo Czynne Powstańców Śląskich
62%
Śródmieście Czynny Chałubińskiego
58%
Praga Południe Czynne Grochowska
58%
Praga Północ Czynne Kijowska
58%
Wola Czynne Okopowa
58%
Bemowo Czynne Górczewska
54%
Mokotów Czynny Wołoska
54%
Mokotów Czynny Woronicza
54%
Ochota Czynne Banacha
50%
Żoliborz/Bielany Czynne Broniewskiego
50%
Śródmieście Czynny Niepodległości
50%
Śródmieście Czynny Nowowiejska
50%
Praga Północ Czynne Ratuszowa
50%
Praga Południe Czynne Zieleniecka
50%
Włochy Czynne Aleja Krakowska
46%
Śródmieście Czynny Andersa
46%
Praga Północ Czynne Czynszowa
46%
Ochota Czynne Grójecka
46%
Praga Północ Czynne Jagiellońska
46%
Bielany Czynne Marymoncka
46%
Żoliborz Czynne Mickiewicza
46%
Żoliborz Czynne Słowackiego
46%
Śródmieście Czynny Stawki
46%
Białołęka Czynne Światowida
46%
Praga Południe Czynne Waszyngtona
46%
Śródmieście Czynny Aleja Solidarności
42%
Ochota Czynne Filtrowa
42%
Wola Czynne Młynarska
42%
Śródmieście Czynne Słomińskiego
42%
Białołęka Czynne Annopol
38%
Mokotów Czynny Gagarina
38%
Mokotów Czynny Goworka
38%
Praga Północ Czynne/
Odcięte od sieci
Kawęczyńska
38%
Mokotów Czynny Marynarska
38%
Targówek Czynne Matki Teresy z Kalkuty
38%
Wola Czynne Obozowa
38%
Targówek Czynne Rembielińska
38%
Bielany Czynne Reymonta
38%
Praga Północ Czynne 11 Listopada
35%
Targówek Czynne Odrowąża
35%
Wola Czynne Skierniewicka
35%
Praga Północ Czynne Stalowa
35%
Praga Północ Czynne Starzyńskiego
35%
Wola Czynne Towarowa
35%
Praga Północ Odcięte od sieci Ząbkowska
35%
Ochota W budowie Bitwy Warszawskiej 1920 roku
31%
Bemowo Czynne Dywizjonu 303
31%
Mokotów Czynny Jana III Sobieskiego
31%
Żoliborz Czynne Popiełuszki
31%
Wola Czynne Prosta
31%
Mokotów Czynny Spacerowa
31%
Wilanów Czynny Aleja Rzeczypospolitej
27%
Mokotów Czynny Belwederska
27%
Bemowo Czynne Połczyńska
27%
Mokotów Czynny Świętego Bonifacego
27%
Praga Północ Czynne Wileńska
27%
Bielany Czynne Wittek
27%
Bielany Czynne Nocznickiego
23%
Praga Południe Czynne Poniatowskiego
23%
Bemowo Czynne Kaliskiego
19%
Śródmieście Czynne Międzyparkowa
19%
Bemowo Czynne Radiowa
19%
Bielany Czynne Wólczyńska
19%
Białołęka Czynne Inowłodzka
15%
Praga Północ Czynne Środkowa
15%
Białołęka Czynne Trakt Nadwiślański
15%
Bielany Czynne Zgrupowania AK Kampinos
15%
Wola Odcięte od sieci Bema
12%
Wola Odcięte od sieci Chłodna
12%
Białołęka Czynne Kuklińskiego
12%
Mokotów Czynny Świętego Andrzeja Boboli
12%
Targówek Odcięte od sieci Wysockiego
12%
Ochota Czynne Krzywickiego
8%
Wola Czynne Prymasa Tysiąclecia
8%
Śródmieście Odcięte odsieci Stare Nalewki
0%
Białołęka Czynne Warszawskich Tramwajarzy
0%
Nie znaleziono quizów pasujących do podanych kryteriów
Rozkład punktacji
Procent ludzi z każdym wynikiem
Percentyl według liczby udzielonych odpowiedzi
Twoja historia wyników
Nie rozwiązałeś tego quizu